000 00724nam a2200205 i 4500
001 9180
003 ES-MaACL
005 20250722183551.0
007 t|
008 930521s1970 sp f |||| |bspa d
080 _a929 Juana Inés de la Cruz
100 1 _aGuilarte, Cecilia G. de.
_960685
245 1 0 _aJuana de Asbaje, la Monja Almirante
_b: (Sor Juana Inés de la Cruz) /
_cCecilia G. de Guilarte ; prólogo de Herminio Ahumada.
260 _aBilbao :
_bBiblioteca de La Gran Enciclopedia Vasca,
_c1970.
300 _a263 p., [5] h. de lám. ;
_c16 cm.
600 0 4 _aJuana Inés de la Cruz,
_cSor,
_d1651-1695
_967141
700 1 _aAhumada, Herminio.
_918951
852 _aES-MaACL
_jL-16559
999 _c9180
_d9180